| 000 | 00920cad a22002055a 4500 | ||
|---|---|---|---|
| 001 | E154633 | ||
| 008 | 120109s2011 xxk f 000 0 eng d | ||
| 020 | _a9781780455457 | ||
| 035 | _a(Sirsi) u154633 | ||
| 041 | 0 | _aeng | |
| 110 | 2 |
_aScotland _bScottish Government _95344 |
|
| 245 | 0 | 0 |
_aGetting the best from our land _ba land use strategy for Scotland, action plan _h[electronic resource] |
| 260 |
_aEdinburgh _bScottish Government _c2011 |
||
| 520 | _aExplains how the Scottish Government will deliver the aims of their Land Use Strategy, and discusses the mainstreaming of the Principles for Sustainable Land Use through public policy and the potential role of the private sector in this. | ||
| 590 | _aKA | ||
| 651 | 4 |
_aScotland _y1999- |
|
| 690 |
_aEnvironment _96238 |
||
| 856 | 4 | 0 |
_uhttps://www.scotland.gov.uk/Publications/2011/12/19161736/0 _zView the item free of charge at www.scotland.gov.uk |
| 942 | _n0 | ||
| 999 |
_c113080 _d113080 |
||